000 02133nas a22005657a 4500
001 dpl
005 20140915110501.0
006 a|||||r|||||00| 0
007 t|
008 750921c19659999ii mr | a 00| 0 eng
010 _asa 65006591
016 7 _a59110370R
_2DNLM
016 7 _aI10840000
_2DNLM
022 _a0019-6339
_2z
022 _a2231-3125 (online)
025 _aPL480:I-D-E-638
030 _aIDSAAV
035 _a(OCoLC)ocm01642963
040 _aDLC
_cMnMULS
_dCtY
_dNAlULS
_dNIC
_dOCoLC
_dN
_dAIP
_dNSDP
_dDLC
_dNST
_dOCoLC
_dDNLM
_dOCoLC
042 _ansdp
_apcc
043 _aa-ii---
050 0 0 _aQ1
_b.I54
060 0 0 _aZQ 1
_bI39
082 0 4 _a016.5
_bqI3996
130 0 _aIndian science abstracts (Delhi, India)
_953194
210 0 _aIndian sci. abstr.
222 0 _aIndian science abstracts
245 1 0 _aIndian science abstracts.
246 1 3 _aISA
260 _aDelhi, India :
_bIndian National Scientific Documentation Centre,
_c[c1965-
300 _av. :
_bill. ;
_c29 cm.
310 _aHalf-Monthly
362 0 _aVol. 1, no. 1 (Jan. 1965)-
500 _aTitle from cover.
530 _aAlso issued online.
590 _aSERBIB/SERLOC merged record
650 0 _aScience
_vAbstracts.
_953195
650 0 _aScience
_vPeriodicals.
_953196
650 2 _aBibliography, National
_zIndia
_vAbstracts.
_953197
650 2 _aScience
_zIndia
_vAbstracts.
_953198
710 2 _aIndian National Scientific Documentation Centre.
_953199
780 0 0 _tBibliography of scientific publications of South and South East Asia
_x0409-4166
_w(DLC)sa 64000235
_w(OCoLC)1612087
856 _uhttp://www.niscair.res.in/ScienceCommunication/sci.asp?a=topframe.htm&b=leftcon.asp&c=AbstractingJournals/isa.asp&d=test2
856 _uhttp://www.niscair.res.in/ScienceCommunication/sci.asp?a=topframe.htm&b=leftcon.asp&c=AbstractingJournals/abstracting_journals.htm&d=test2
270 _a14, Satsang Vihar Marg
_bNew Delhi
_e110067
_k011-26968427
906 _a7
_bcbc
_cserials
_du
_encip
_f19
_gn-oclcserc
942 _2ddc
_cSR
_h016.5
_mIND
_s1
999 _c70990
_d70990